Crisis institucional en Nicaragua: entre un Estado privatizado y un Estado monarquizado /
El artículo argumenta que, en su retorno al poder tras 17 años en espera, el frente sandinista requiere de un Estado reducido en ciertas áreas y fuerte en otras: un Estado privatizado en el suministro de servicios sociales y reconcentrado en la regulación que controla la inversión extranjera y la co...
שמור ב:
| מחבר ראשי: | |
|---|---|
| פורמט: | Texto |
| נושאים: | |
| תגים: |
הוספת תג
אין תגיות, היה/י הראשונ/ה לתייג את הרשומה!
|
MARC
| LEADER | 00000 a a2200000 04500 | ||
|---|---|---|---|
| 001 | 44917 | ||
| 003 | |||
| 040 | |||
| 100 | |a Rocha Gómez, José Luis | ||
| 245 | |a Crisis institucional en Nicaragua: |b entre un Estado privatizado y un Estado monarquizado / |c José Luis Rocha Gómez | ||
| 520 | |a El artículo argumenta que, en su retorno al poder tras 17 años en espera, el frente sandinista requiere de un Estado reducido en ciertas áreas y fuerte en otras: un Estado privatizado en el suministro de servicios sociales y reconcentrado en la regulación que controla la inversión extranjera y la continuidad de un régimen más próximo a las teocracias que a las democracias. | ||
| 590 | |a RRH/JUNIO2013 | ||
| 650 | |a POLITICA | ||
| 650 | |a CRISIS | ||
| 650 | |a MARCO INSTITUCIONAL | ||
| 650 | |a ESTADO | ||
| 650 | |a DEMOCRACIA | ||
| 650 | |a CORRUPCION | ||
| 650 | |a NICARAGUA | ||
| 773 | |g número228 (2010), páginas 4-13 | ||
| 999 | |c 23311 |d 23311 | ||
